01896cam a2200421 i 450000100090000000300040000900500170001300800410003001000170007101500190008801600180010702000440012502000310016902000390020002000330023903500240027204001090029604200140040505000230041908200160044210000360045824500760049424600530057024600410062325000250066425000370068926400460072630001080077233600260088033700280090633800270093450000580096152003020101965000360132165000480135765500250140565500440143022456944OSt20230620095831.0220308s2015 enkab d 000 0 eng d a 2022285188 aGBB5710152bnb7 a0173817982Uk a9780194798808q(paperback and DVD pack) z9780194799515q(paperback) z9780194798877q(paperback in pack) z9780194798938q(DVD in pack) a(OCoLC)ocn908411392 aEQObengcEQOerdadOCLCOdYDXCPdOCLCFdLTSCAdS3OdOCLCQdFC@dUATdOCLCAdAU@dUKMGBdUKSSUdDLCdDLC alccopycat00aPE1628b.O86 2015b0 a41327bOXF1 aHornby, Albert Sydney,eauthor.10aOxford advanced learner's dictionary of current English /cA.S. Hornby.30aAdvanced learner's dictionary of current English14aOxford advanced learner's dictionary a[New] Ninth edition. aInternational student's edition. 1aOxford :bOxford University Press,c2015. a1 volume (various pagings) :billustrations (chiefly colour), colour maps ;c24 cm +e1 DVD (4 3/4 in.) atextbtxt2rdacontent aunmediatedbn2rdamedia avolumebnc2rdacarrier a"With new iSpeaker/iWriter on DVD and online"--Cover. aSay it with OxfordThe Oxford Advanced Learners Dictionary is the ultimate speaking and writing tool for developing the skills you need for passing exams and communicating in English. Its trusted by learners and teachers of English around the world for its clear explanations and example sentences. 0aEnglish languagevDictionaries. 7aEnglish language.2fast0(OCoLC)fst00910920 7aDictionaries.2lcgft 7aDictionaries.2fast0(OCoLC)fst01423826